| 000 | 00940cam a22003137a 4500 | ||
|---|---|---|---|
| 003 | CHAP | ||
| 005 | 20220329133955.0 | ||
| 008 | 971013s1951 r 00010 d | ||
| 010 | _a13477 | ||
| 011 | _a14449 | ||
| 035 | _a18523 | ||
| 040 | _cCHAP | ||
| 082 |
_a637.147 _bB4 1951 |
||
| 100 | 0 | 0 |
_aBeau, Maurice. _911085 |
| 245 | 1 | 3 | _aLa caséine ; composition, propriétés, technique, commerce |
| 250 | _a2 ed. | ||
| 260 |
_aParis : _bDunod, _c1951 |
||
| 300 |
_a290 p. _b: ilus. |
||
| 490 | 0 | _aColl. Matériaux de synthese | |
| 590 |
_aBATCH-UPD _b10 _c20130110 _lUCH01 _h1424 |
||
| 590 |
_aBATCH-UPD _b10 _c20130410 _lUCH01 _h0904 |
||
| 590 |
_aBATCH-UPD _b10 _c20130914 _lUCH01 _h0855 |
||
| 590 |
_aCONVERSION _b10 _c20130109 _lUCH01 _h1309 |
||
| 650 | 1 | 4 |
_aCaseína. _919813 |
| 830 | 0 |
_aColl. Matériaux de synthese _925198 |
|
| 901 | _aBK | ||
| 942 | _cLIBRO | ||
| 949 |
_a637.147 B4 1951 _bBC _cLIBRO _d-43221 _eLIBRO _h12939 _i18523 _si |
||
| 999 |
_c13477 _d13477 |
||